000 009740000a22002290004500
020 _a0-311-05031-X
041 0 _aSPA
082 0 4 _aG 261.51 T4541a
100 1 _aThomas, I. D. E.
245 1 0 _aAstrología : ¿Qué dice la Biblia? / I. D. E. Thomas, William J. Petersen, Stuart Barton Babbage ; José Luis Martínez Díaz, Traductor
250 _a3
260 _aEl Paso, TX., USA : Mundo Hispano
300 _a31 Pag.
500 _aTítulo original : Astrology and the Bible
505 0 0 _ala Era de Acuario: síntomas y diagnóstico -- ciencia y religión: un maridaje fraudulento -- la biblia y la astrología: un examen de las referencias bíblicas -- la fiebre de Acuario: ¿qué sucede con esta era? -- cuestiones que refutan la astrología: pongamos las cosas en su punto
650 1 4 _aBIBLIA Y ASTROLOGIA
001 648
942 _cBK
999 _c32136
_d32136
336 _atexto
_btxt
_2rdacontent
337 _2rdamedia
_asin mediación
_bn
338 _2rdacarrier
_avolumen
_bnc